00577nam a2200121Ia 4500008004100000020001800041100005900059245017600118260002700294650007600321650001500397856004300412171212s9999 xx 000 0 und d a9780833029492 aAnton, Philip S.;Silberglitt, Richard;Schneider, James cAnton, Philip S.;Silberglitt, Richard;Schneider, JamesaThe Global Technology RevolutionbBio/Nano/Materials Trends and Their Synergies with Information Technology by 2015 bRAND Corporationc2001 aTechnological innovations; Technology and state; Information technology aTechnology uwww.jstor.org/stable/10.7249/mr1307nic